00753nam a2200241Ia 4500003000900000005001700009008004100026040001300067040001300080041000800093100002800101245006500129250001100194260001400205260000900219300001100228300001000239490003100249490000600280942001200286999001700298952019600315IT-RoPAU20220918175732.0120407s9999 xx 000 0 und d aIT-RoPAU cIT-RoPAU aita aGiovanni Testori935581 aI promessi sposi alla prova. Azione teatrale in due giornate aMilano aMondatori c1984 a183 p. c19 cm a(Oscar, libri Testori, 1). v1 cBK2ddc c27542d27542 00102ddc406850_14000000000000071aPAULUSbPAULUSd2012-04-11l0o850.14r2012-04-11 00:00:00w2012-04-11yBKzInserito da: Anna In data: 05 ottobre 2011 fondo: Via A.Severo 56 Progr:11287